Progress in microbiological techniques (Record no. 21141)

MARC details
000 -LEADER
fixed length control field 00346nam a2200133Ia 4500
082 ## - DEWEY DECIMAL CLASSIFICATION NUMBER
Classification number 579
Item number COL
245 #0 - TITLE STATEMENT
Title Progress in microbiological techniques
260 ## - PUBLICATION, DISTRIBUTION, ETC. (IMPRINT)
Place of publication London
Name of publisher Butterworths
Year of publication 1967
650 ## - SUBJECT ADDED ENTRY--TOPICAL TERM
Topical Term Microbiological technique
650 ## - SUBJECT ADDED ENTRY--TOPICAL TERM
Topical Term Mycology
700 ## - ADDED ENTRY--PERSONAL NAME
Personal name COLLINS, C H
942 ## - ADDED ENTRY ELEMENTS (KOHA)
Koha item type Books
Holdings
Withdrawn status Lost status Damaged status Not for loan Home library Current library Date acquired Full call number Accession Number Koha item type
        RRII Library RRII Library 16/12/2021 579 COL 01861 Books